| 000 | 00622nam a22002297a 4500 | ||
|---|---|---|---|
| 003 | OSt | ||
| 005 | 20180116182958.0 | ||
| 008 | 140617b xxu||||| |||| 00| 0 eng d | ||
| 020 | _a9788132108962 | ||
| 022 | _a9788132108962 | ||
| 040 | _c0 | ||
| 050 | _a658.3001'1 | ||
| 082 | _a658.3001'1 | ||
| 100 | _aMukherjee,Jayant | ||
| 245 |
_aDesigning Human Resource Management Systems. _bA Leader's Guide. _cJayant Mukherjee |
||
| 260 |
_aNew Delhi _bSAGE Publications. _c2012 |
||
| 300 | _a314p. | ||
| 500 | _aPaper Cover | ||
| 600 | _aMukherjee,Jayant | ||
| 700 | _aMukherjee,Jayant | ||
| 942 |
_2ddc _cBK _k658.3001'1 |
||
| 999 |
_c349720 _d349720 |
||